[Event "EU-ch Amateurs U1700"]
[Site "Mali Losinj"]
[Date "2024.08.28"]
[Round "5"]
[White "Covic, Mario"]
[Black "Macura, Stipe"]
[Result "0-1"]
[WhiteElo "1683"]
[BlackElo "1500"]
[PlyCount "110"]
[EventDate "2024.08.25"]
[EventType "swiss"]
[EventRounds "9"]
[EventCountry "CRO"]
[SourceTitle "EXT 2025"]
[Source "ChessBase"]
[SourceDate "2024.10.14"]
[SourceVersion "1"]
[SourceVersionDate "2024.10.14"]
[SourceQuality "1"]

1. e4 e5 2. Nf3 Nc6 3. Bb5 a6 4. Bxc6 dxc6 5. d3 Bg4 6. h3 Bxf3 7. Qxf3 Qf6 8. Qg3 Bc5 9. 0-0 h6 10. Be3 Bd6 11. Nd2 g5 12. Nc4 Qe6 13. Qg4 Qxg4 14. hxg4 0-0-0 15. f3 Ne7 16. Kf2 f6 17. Rh1 b5 18. Nd2 Kb7 19. Rh5 Ng6 20. Rah1 Bf8 21. Nf1 Ne7 22. Bc5 Ng8 23. Bxf8 Rxf8 24. Ne3 Rf7 25. Nf5 Rfh7 26. Ke3 Kb6 27. g3 c5 28. c3 Kc6 29. f4 Kd7 30. d4 cxd4+ 31. cxd4 exd4+ 32. Kxd4 Kc6 33. Rc1+ Kb6 34. Rch1 Rd7+ 35. Ke3 Rdh7 36. fxg5 fxg5 37. e5 c5 38. Rd1 Kc7 39. Rd6 Kb7 40. Ke4 c4 41. Kd5 Ka7 42. Kc5 Rc7+ 43. Kb4 Kb7 44. Ka5 Rc5 45. Rb6+ Kc7 46. e6 b4+ 47. Kxa6 c3 48. bxc3 bxc3 49. Rb7+ Kc6 50. e7 Nf6 51. Rh1 Ra8+ 52. Ra7 Rxa7+ 53. Kxa7 c2 54. Rc1 Ra5+ 55. Kb8 Nd7+ 0-1